Issues in the Use of Supplemental Homicide Reports

Gespeichert in:  
Bibliographische Detailangaben
1. VerfasserIn: Brewer, Vickie (Verfasst von)
Medienart: Elektronisch Aufsatz
Sprache:Englisch
Veröffentlicht: United States Department of Justice, National Institute of Justice 1993
In:Enthalten in: Questions and Answers in Lethal and Non-Lethal Violence: Proceedings of the Second Annual Workshop of the Homicide Research Working Group. FBI Academy, Quantico, Virginia, June 13-17, 1993 (1993), NCJ 147480, Seite 87-88
Online-Zugang: Volltext (lizenzpflichtig)
Verfügbarkeit prüfen: HBZ Gateway

MARC

LEADER 00000caa a22000002c 4500
001 1912599635
003 DE-627
005 20250127054954.0
007 cr uuu---uuuuu
008 241217s1993 xx |||||o 00| ||eng c
035 |a (DE-627)1912599635 
035 |a (DE-599)KXP1912599635 
040 |a DE-627  |b ger  |c DE-627  |e rda 
041 |a eng 
084 |a 2,1  |2 ssgn 
100 1 |a Brewer, Vickie  |e VerfasserIn  |4 aut 
245 1 0 |a Issues in the Use of Supplemental Homicide Reports 
264 1 |b United States Department of Justice, National Institute of Justice  |c 1993 
336 |a Text  |b txt  |2 rdacontent 
337 |a Computermedien  |b c  |2 rdamedia 
338 |a Online-Ressource  |b cr  |2 rdacarrier 
773 0 8 |i Enthalten in  |t Questions and Answers in Lethal and Non-Lethal Violence: Proceedings of the Second Annual Workshop of the Homicide Research Working Group. FBI Academy, Quantico, Virginia, June 13-17, 1993  |g (1993), NCJ 147480, Seite 87-88 
773 1 8 |g year:1993  |g number:NCJ 147480  |g pages:87-88 
856 4 0 |u http://homicideworkinggroup.cos.ucf.edu/include/documents/hrwg93.pdf  |q application/pdf  |x Verlag  |z lizenzpflichtig  |3 Volltext  |7 1 
935 |a mkri 
951 |a AR 
ELC |a 1 
LOK |0 000 xxxxxcx a22 zn 4500 
LOK |0 001 4637565154 
LOK |0 003 DE-627 
LOK |0 004 1912599635 
LOK |0 005 20241217044627 
LOK |0 008 241217||||||||||||||||ger||||||| 
LOK |0 035   |a (DE-2619)ICPSR35307 
LOK |0 040   |a DE-2619  |c DE-627  |d DE-2619 
LOK |0 092   |o n 
LOK |0 852   |a DE-2619 
LOK |0 852 1  |9 00 
LOK |0 935   |a uvkn  |a nacp 
LOK |0 939   |a 17-12-24  |b l01 
ORI |a SA-MARC-krimdoka001.raw